000 01154cam a22003617a 4500
003 CHAP
005 20220817042232.0
008 971013s1975 r 00010 d
010 _a38331
011 _a39303
035 _a43423
040 _cCHAP
082 _a333.91
_bF31
110 _aFAO
245 0 _aLegislación de aguas en América Central, Caribe y México, El Salvador, Haití, Honduras, Jamaica, México, Nicaragua, Panamá, República Dominicana
260 _aRoma :
_bFAO,
_c1975
300 _av.
410 _aFAO
490 0 _aEstudios legislativos
_v;8
500 _aLa biblioteca tiene: v.1
590 _aBATCH-UPD
_b10
_c20130110
_lUCH01
_h0159
590 _aBATCH-UPD
_b10
_c20130110
_lUCH01
_h1318
590 _aBATCH-UPD
_b10
_c20130410
_lUCH01
_h0828
590 _aBATCH-UPD
_b10
_c20130913
_lUCH01
_h2243
590 _aCONVERSION
_b10
_c20130109
_lUCH01
_h1321
650 1 4 _aAgua
_xLeyes
_xAmérica Central.
_92380
650 1 4 _aAgua
_xLeyes
_xMéxico.
_92387
810 0 _aFAO
830 0 0 _aEstudios legislativos
_v;8
_938550
901 _aBK
942 _cLIBRO
949 _a333.91 F31
_bBC
_cFAO
_d-99494
_eFAO1
_h29259
_i43423
_si
999 _c38331
_d38331